| 000 | 01117nam a2200265 a 4500 | ||
|---|---|---|---|
| 001 | BRCA_9048 | ||
| 005 | 20190320210515.0 | ||
| 008 | 010917s1771----sp-#######---#000-0#spa-# | ||
| 041 | _aspa | ||
| 044 | _asp | ||
| 084 |
_aBE143 _b.Q37 1771 |
||
| 245 | 1 | 0 |
_aQuaresma del P. Fr. Antonio Andres, letor de sagrada theologia, escritor publico de su Orden, Regente de Estudios, Calificador del Santo Oficio y custodio actual de su provincia de Descalzos _btomo II: quien lo dedica a Christo crucificado. |
| 260 |
_aValencia _bPor Benito Monfort _c1771 |
||
| 300 |
_a328 p. (t.2) _c21.5 x 15.5 cm |
||
| 500 | _aCon licencia de Real Consejo | ||
| 500 | _aEn portada: Al fin del tercer tomo hay una aplicación de los Sermones de la Quaresma à las Dominicas de entre año. | ||
| 500 | _aEstado físico: presenta encuadernación en pergamino y con cintas | ||
| 650 | 1 | 4 |
_aSermones de cuaresma _921531 |
| 650 | 1 | 4 |
_aIglesia católica _xSermones _921286 |
| 650 | 1 | 4 |
_aCuaresma _xSermones _921287 |
| 700 | 1 |
_aAntonio Andrés _cFray _921275 |
|
| 700 | 1 |
_aMonfort, Benito _eImpresor _922416 |
|
| 902 | _aCFM | ||
| 942 |
_2lcc _cB |
||
| 999 |
_c8698 _d8698 |
||